00551nam a2200169Ia 450000500170000000800410001702000130005808200130007124500180008426000500010230000200015250000700017270000250024294200060026795200950027399900130036820250522034317.0240331s9999 xx 000 0 und d a14774690 a011bNOO 0aNoolthettam-1 aUnited KingdombAyothy Library Servicesc2002 aXXiii, 331 p ., aThayagathilum Poogalitathilum Veliyidappetra Ilathu Tamil Noolkal aSelvarajah, N. eedt cL 001040708LaWERCLbWERCLcSSCd2024-03-31l0o 011 NOOp1809r2024-03-31w2024-03-31yL c670d670